000 01046nam a22002537a 4500
999 _c3242
_d3242
003 AR-CdUCM
008 190306b ||||| |||| 00| 0 spa d
040 _aMUNICIPALIDAD PROVINCIAL DEL CUSCO
_cBIBLIOTECA MUNICIPAL DEL CUSCO
041 _heng
082 _a376.4 /
_bB44
100 _aBent, Rudyard K.
_910831
245 _aFundamentos de la educación secundaria /
260 _aMéxico, D.F :
_bUnión Tipográfica Editorial Hispano-Americana,
_c1952.
300 _a2 tomos ;
_bilustraciones ;
_c23 cm.
440 _aBiblioteca UTEHA clásicos y modernos de la educación.
_910832
505 _aContenido: t.1. Propositos de la educación secundaria. Organización de la educación secundaria. Plan de estudios: educación general o estudios comunes. Plan de estudios: estudios comunes.
650 _aEducación secundaria
_94648
650 _aEstados Unidos
_91805
650 _aEducación secundaria
_94648
700 _aHenry H. Kronenberg
_910833
700 _aTirado Benedí, Domingo
_910834
942 _2ddc
_cLIBROS
945 _azta